| 000 | 00452nam a22001817a 4500 | ||
|---|---|---|---|
| 003 | NUST - PNEC | ||
| 005 | 20170116181156.0 | ||
| 008 | 160112b xxu||||| |||| 00| 0 eng d | ||
| 020 | _a- | ||
| 040 | _cLIBRARY | ||
| 082 | _a658.8 MUK | ||
| 100 |
_915906 _aDr. Mukhtar Ahmed |
||
| 245 |
_aPrinciples of marketing (MGT 301) Lecture Notes (VU) _cDr. Mukhtar Ahmed |
||
| 260 | _c- | ||
| 300 | _a240 p. | ||
| 650 | _xMIS, General | ||
| 942 |
_2ddc _cBK |
||
| 999 |
_c71199 _d71199 |
||